zpět

Detail výsledku týmu

Pivnice Zahrada, Ostrava

Datum a čas kvízu

13.5 Celkem bodů Celkový počet nahraných bodů na tomto kvízu bez doplňovacích otázek.
15. Pořadí na kvízu Konečné umístění týmu na tomto kvízu.

Zaznamenané odpovědi

# Otázka Odpověď Body Výsledky
1. Stejně jako prváci se do Brada... oliheň/sépie/squid 0
2. Každá ze čtyř bradavických kol... Tlustý mnich/the Fat Friar; Helena z Havraspáru/Šedá dáma/the Grey Lady/Helena Ravenclaw; Krvavý baron/the Bloody Baron 0
3. Zobrazená slova nemají být pop... Armando Dippet 0
4. Hrad a jeho okolí byly protkán... Komnata nejvyšší potřeby/Poslední útočiště/Room of Requirement; U Prasečí hlavy/Hog's Head Inn 0.5
5. Ve Vstupní síni se nacházejí č... smaragdy/emeralds; safíry/saphires; rubíny/rubies 1
6. Pro překonání nástrahy v podob... harfa a flétna (píšťala) 0.5
7. Seřaďte následující herečky po... 1A 2B 3C 4D 0
8. Harrymu se podařilo zdárně spl... žaberník/gillyweed; Funík/Wheezy 0.5
9. Přiřaďte k těmto scénám příslu... 1A, 2D, 3C, 4B 0
10. Napište, na kterém místě se ve... Nemocnice sv. Munga/St Mungo's Hospital 0